000
00314nam a2200133Ia 4500
008
231017s9999 xx 000 0 und d
082
_a
625.85
082
_b
BEN
245
0
_a
Use of fly ash for reconstruction of bituminous roads
245
0
_c
Research
260
_b
Research
300
_c
30cm
942
_c
REP
999
_c
606184
_d
606184